000 00714nam a2200181Ia 4500
008 151018s9999 xx 000 0 und d
082 _bRBASDV42283
_a891.2
100 _aभास
245 _aप्रतिज्ञायौगंधरायण स्वप्नवासवदत्ता
250 _b1
260 _bप्रसाद प्रकाशन मुंबई
_c1996
300 _a318
600 _aभास
630 _aप्रतिज्ञायौगंधरायण स्वप्नवासवदत्ता
700 _aभास
730 _aप्रतिज्ञायौगंधरायण स्वप्नवासवदत्ता
942 _cBOOK
999 _c1041512
_d1041509